000 01086cam a22003251 4500
999 _c17785
_d17785
001 3124866
003 BDDh-ASL
005 20231015025635.0
008 710526s1968 enkb b 000 0 eng
010 _a 68136266
015 _aB68-20471
020 _a0710045689
040 _aDLC
_cDLC
_dBDDh-ASL
043 _aa-ii---
050 0 0 _aHN690.M33
_bK8
082 0 0 _a306.0954
_bKUW
100 1 _aKumar, Ravinder,
_d1933-2001.
245 1 0 _aWestern India in the nineteenth century:
_ba study in the social history of Maharashtra/
_cRavinder Kumar
260 _aLondon:
_bRoutledge & K. Paul,
_aToronto,
_bUniversity of Toronto P.,
_c1968.
300 _a[12], 347 p.:
_bmap.;
_c23 cm.
350 _a55/-
490 0 _aStudies in social history
500 _aBased on thesis, Australian National University, 1964.
504 _aBibliography: p. 333-339.
650 0 _aSocial history
_y19th century.
651 0 _aMaharashtra (India)
_xSocial conditions.
651 0 _aMaharashtra (India)
_xHistory.
906 _a7
_bcbc
_corignew
_du
_encip
_f19
_gy-gencatlg
942 _2ddc
_cBK